[Event "GRE-ch Schools Gym-A"]
[Site "Athen"]
[Date "2022.06.13"]
[Round "8"]
[White "Gkikopoulos, Alexandros"]
[Black "Pangos, Vaios"]
[Result "1-0"]
[WhiteElo "1391"]
[BlackElo "1358"]
[PlyCount "61"]
[EventDate "2022.06.12"]
[EventType "swiss"]
[EventRounds "9"]
[EventCountry "GRE"]
[SourceTitle "EXT 2023"]
[Source "ChessBase"]
[SourceDate "2022.10.05"]
[SourceVersion "1"]
[SourceVersionDate "2022.10.05"]
[SourceQuality "1"]

1. e4 e5 2. Nf3 Nc6 3. Bb5 a6 4. Bxc6 dxc6 5. 0-0 f6 6. d4 exd4 7. Nxd4 Bd6 8. Qh5+ g6 9. Qe2 Ne7 10. b3 0-0 11. Bb2 Be5 12. c3 Qe8 13. f4 Bd6 14. Nd2 b5 15. c4 c5 16. Nc2 c6 17. e5 fxe5 18. fxe5 Bc7 19. Ne4 Nf5 20. Nxc5 Bb6 21. b4 Be6 22. Ne3 Nxe3 23. Qxe3 Bxc4 24. Rxf8+ Qxf8 25. Qf2 Rd8 26. Qxf8+ Kxf8 27. Bc3 a5 28. a3 Rd3 29. Bb2 Rb3 30. Bd4 Bxc5 31. Bxc5+ 1-0

[Event "GRE-ch Schools Gym-A"]
[Site "Athen"]
[Date "2022.06.12"]
[Round "1"]
[White "Stoimenidis, Markos"]
[Black "Gkikopoulos, Alexandros"]
[Result "0-1"]
[WhiteElo "1297"]
[BlackElo "1391"]
[PlyCount "56"]
[EventDate "2022.06.12"]
[EventType "swiss"]
[EventRounds "9"]
[EventCountry "GRE"]
[SourceTitle "EXT 2023"]
[Source "ChessBase"]
[SourceDate "2022.10.05"]
[SourceVersion "1"]
[SourceVersionDate "2022.10.05"]
[SourceQuality "1"]

1. e4 e5 2. Nf3 Nf6 3. d3 Nc6 4. Nc3 Bb4 5. a3 Bxc3+ 6. bxc3 d6 7. Bg5 h6 8. Bh4 Qe7 9. Be2 Bg4 10. 0-0 g5 11. Bg3 Bxf3 12. Bxf3 h5 13. h3 Qd7 14. h4 g4 15. Be2 d5 16. Qd2 0-0-0 17. Qg5 Qe6 18. exd5 Nxd5 19. Qd2 f5 20. c4 Nf6 21. f3 f4 22. Bf2 g3 23. Be1 Qe7 24. a4 Nd7 25. a5 Qxh4 26. Bxg3 fxg3 27. Rfe1 Qh2+ 28. Kf1 Qh1# 0-1